| 000 | 01331nam a2200349 a 4500 | ||
|---|---|---|---|
| 999 |
_c7569 _d7569 |
||
| 001 | 991048896989706706 | ||
| 003 | OSt | ||
| 005 | 20211220120719.0 | ||
| 008 | 070614s2007 spc|||||| 000 ||cat | ||
| 015 |
_aLL2007 _2bnc |
||
| 017 |
_aDL B. 18890-2012 _bBiblioteca de Catalunya |
||
| 035 | _a(ES-BaCBU).b37546296 | ||
| 040 |
_aES-BaBC _bcat _cCDMR |
||
| 041 | 0 |
_acat _aspa |
|
| 043 |
_ae-sp--- _be-spc-- _2catmarc _ae------ |
||
| 080 | _a327:316.65(4-6:467.1)(079.3) | ||
| 080 | _a316.65:327(4-6:467.1)(079.3) | ||
| 245 | 0 | 0 |
_aSoledad Gallego-Díaz : [mención honorífica Le Monde, André Fontaine (director 1985-1991)] : _bPremi "Ernest Udina a la trajectòria europeista" : VII edició, 2012 _c/ [coordinació a càrrec de Teresa Carreras] |
| 260 |
_a[Barcelona : _bAssociació de Periodistes Europeus de Catalunya], _c2012 |
||
| 300 |
_a55 p. ; _c20 x 20 cm |
||
| 546 | _aTextos en català i castellà | ||
| 600 | 1 | 0 |
_aGallego-Díaz, Soledad _93310 |
| 600 | 0 |
_aFontaine, André _94773 |
|
| 610 | 2 | 7 |
_aUnió Europea _zCatalunya. _2lemac |
| 630 | 0 |
_94774 _aLe Monde (Diari) |
|
| 700 |
_94767 _aCarreras, Teresa |
||
| 710 | 2 | _aAssociació de Periodistes Europeus de Catalunya. | |
| 907 |
_a.b37546296 _b16-02-21 _c12-05-08 _d07-05-08 _em _fa _g- _hcat _ispc _j0 _k1 |
||
| 908 | _aBC | ||
| 940 | _aBC | ||
| 942 |
_2udc _cFULLET |
||